Just playing?: The role and status of play in early childhood education (Record no. 1392634)

MARC details
000 -LEADER
fixed length control field 00629nam a2200217Ia 4500
005 - DATE AND TIME OF LATEST TRANSACTION
control field 20250508165016.0
008 - FIXED-LENGTH DATA ELEMENTS--GENERAL INFORMATION
fixed length control field 008 250505s9999 xx 000 0 eng d
020 ## - INTERNATIONAL STANDARD BOOK NUMBER
International Standard Book Number 81-85569-20-7
037 ## - SOURCE OF ACQUISITION
Stock number Textual
040 ## - CATALOGING SOURCE
Original cataloging agency FEDL
Language of cataloging eng
Transcribing agency FEDL
041 ## - LANGUAGE CODE
Language code of text/sound track or separate title eng
Source of code eng
084 ## - COLON CLASSIFICATION NUMBER
Classification number 371.21, MOY
Assigning agency FEDL
100 ## - MAIN ENTRY--PERSONAL NAME
Personal name Moyles Janet R
9 (RLIN) 779693
245 #0 - TITLE STATEMENT
Title Just playing?: The role and status of play in early childhood education
260 ## - PUBLICATION, DISTRIBUTION, ETC.
Place of publication, distribution, etc. Milton Keynes
Name of publisher, distributor, etc. Open University Press
Date of publication, distribution, etc. 1989
300 ## - PHYSICAL DESCRIPTION
Extent xii190p.
365 ## - TRADE PRICE
Price type code GBP
Price amount 9.99
546 ## - LANGUAGE NOTE
Language note MACESE
942 ## - ADDED ENTRY ELEMENTS (KOHA)
Koha item type Textual
Classification part 371.21, MOY
Holdings
Withdrawn status Lost status Damaged status Not for loan Home library Current library Date acquired Cost, normal purchase price Total Checkouts Full call number Barcode Date last seen Price effective from Koha item type
        Department of Education Library Department of Education Library 2025-05-08 9.99   371.21, MOY EL0086264 2025-05-08 2025-05-08 Textual
Copyright @ Delhi University Library System